At The Cutting Edge: (Record no. 1521)
[ view plain ]
| 000 -LEADER | |
|---|---|
| fixed length control field | 00760nam a2200169Ia 4500 |
| 005 - DATE AND TIME OF LATEST TRANSACTION | |
| control field | 20250123001737.0 |
| 008 - FIXED-LENGTH DATA ELEMENTS--GENERAL INFORMATION | |
| fixed length control field | 240331s9999 xx 000 0 und d |
| 020 ## - INTERNATIONAL STANDARD BOOK NUMBER | |
| ISBN | 8188965375 |
| 082 ## - DDC Classification | |
| Item Number - Author Mark | DEM |
| DDC Edition Number | 5974 |
| Class No. | 305.4 |
| 245 #0 - TITLE STATEMENT | |
| Title | At The Cutting Edge: |
| Remainder of title | Essays in Honour of Kumari Jayawardena |
| 260 ## - PUBLICATION, DISTRIBUTION, ETC. | |
| Place of publication, distribution, etc. | New Delhi |
| Name of publisher, distributor, etc. | Women Unlimited (an associate of Kali for Women) |
| Date of publication, distribution, etc. | 2007 |
| 300 ## - PHYSICAL DESCRIPTION | |
| Extent (e.g. Volumes, Pages etc.) | xxxvi, 288 p., |
| 500 ## - GENERAL NOTE | |
| General note | A collection of essays honouring Kumari Jayawardena, who's a South Asian scholar, social scientist and activist. These essays contain critical thoughts on issues of gender, class, human rights, culture and nationalism, which resonate closely with her works on such topics |
| 700 ## - ADDED ENTRY--PERSONAL NAME | |
| Personal name | De Mel, N |
| Relator term (Role) | Editor |
| 700 ## - ADDED ENTRY--PERSONAL NAME | |
| Personal name | Thiruchandran, S |
| Relator term (Role) | Editor |
| 942 ## - Koha item type (Biblio) | |
| Koha item type | Books in Stacks (Lending) |
| Lost status | Damaged status | Collection code | Home library | Current library | Shelving location | Date acquired | Full call number | Accession Number | Item type |
|---|---|---|---|---|---|---|---|---|---|
| Lending | WERC Library | WERC Library | Social Science Cupboard | 03/31/2024 | 305.4 ATT | 5974 | Books in Stacks (Lending) |
